Cara mudah membuat coklat

Bibliographic Details
Main Authors: Hanirah Mohamad Nur (Author), Azyati Mohd Agos (Author), Harlina Sani (Author)
Format: Book
Language:Malay
Published: Kuala Lumpur, Malaysia : Utusan Publications & Distributors , c2012
Subjects:

MARC

LEADER 00000cam a2200000 7i4500
001 0000080913
005 20170314093000.0
008 120807s2012 my may
020 |a 9676125296 
020 |a 9789676125293 
050 0 0 |a TX 767.C5   |b H36 2012 
090 0 0 |a TX 767.C5   |b H36 2012 
100 0 |a Hanirah Mohamad Nur ,   |e author 
245 1 0 |a Cara mudah membuat coklat   |c Hanirah Mohamad Nur, Azyati Mohd Agos dan Harlina Sani 
260 |a Kuala Lumpur, Malaysia :   |b Utusan Publications & Distributors ,   |c c2012 
300 |a viii, 120 p. :   |b ill. (col.) ;   |c 30 cm. 
650 0 |a Cookbooks 
650 0 |a Cooking (chocolate) 
700 0 |a Azyati Mohd Agos ,   |e author 
700 0 |a Harlina Sani ,   |e author 
999 |a 1000150484   |b Book   |c OPEN SHELF (30 DAYS)   |e Gong Badak Campus 
999 |a 1000150485   |b Book   |c OPEN SHELF (30 DAYS)   |e Gong Badak Campus 
999 |a 1000150486   |b Book   |c OPEN SHELF (30 DAYS)   |e Medical Campus 
999 |a 1000154212   |b Book   |c OPEN SHELF (30 DAYS)   |e Gong Badak Campus